000 01392nam0a22002651 4500
001 rc\3550129
005 20260407170728.0
021 _aRU
_b[71-18633]
035 _a(NLR Aleph) 007674649
090 _a6472244
_c6472244
100 _a20130115d1971 |||y0rusy50 ca
101 0 _arus
102 _aRU
105 _ay z |||||
200 1 _a[Решение]
_fЦентр. правл. Науч.-техн. горного о-ва. Центр. комис. по борьбе с силикозом. Всесоюз. науч.-техн. совещание по борьбе с пылью и профилактике заболеваний пневмокониозом рабочих, занятых в горной пром-сти. 17-19 ноября 1970 г. Шахты
210 _aМосква
_cБ. и.
_d1971
215 _a17 с.
_d20
532 1 3 _aРешение
606 _aВоздух в рудниках
_xОбеспыливание
_2psbo
710 1 2 _aВсесоюзное научно-техническое совещание по борьбе с пылью и профилактике заболеваний пневмокониозом рабочих, занятых в горной промышленности
_f1970
_eШахты
_3RU\NLR\AUTH\8810106769
_9713736
801 0 _aRU
_bNLR
_gpsbo
801 1 _aRU
_bELAR
_2rusmarc
852 _aNLR
_j71-4/5519
942 _cBOOK
980 _aNB